[Event "Rasht Father Cup 1st"]
[Site "Rasht"]
[Date "2023.10.26"]
[Round "10"]
[White "Khalili, Asef"]
[Black "Masoumi, Sahel"]
[Result "1/2-1/2"]
[WhiteElo "1900"]
[BlackElo "1922"]
[PlyCount "63"]
[EventDate "2023.10.19"]
[EventType "swiss"]
[EventRounds "10"]
[EventCountry "IRI"]
[SourceTitle "EXT 2025"]
[Source "ChessBase"]
[SourceDate "2024.10.14"]
[SourceVersion "1"]
[SourceVersionDate "2024.10.14"]
[SourceQuality "1"]

1. e4 c5 2. Nf3 g6 3. d4 cxd4 4. Qxd4 Nf6 5. Nc3 Nc6 6. Qa4 d6 7. e5 dxe5 8. Nxe5 Bg7 9. Bb5 0-0 10. Nxc6 bxc6 11. Bxc6 Rb8 12. 0-0 Bf5 13. Bb5 Qc7 14. Re1 Bxc2 15. Bf4 Bxa4 16. Bxc7 Rxb5 17. Nxa4 Rb4 18. b3 Rc8 19. Be5 Re4 20. Nc3 Rxe5 21. Rxe5 Rxc3 22. Rxe7 a6 23. Re2 h5 24. g3 Rc7 25. Rd1 Bf8 26. Kg2 Kg7 27. Rd4 a5 28. Ra4 Rc5 29. b4 axb4 30. Rxb4 Ra5 31. Rd4 Bc5 32. Rc4 1/2-1/2

[Event "Rasht Father Cup 1st"]
[Site "Rasht"]
[Date "2023.10.24"]
[Round "8"]
[White "Masoumi, Sahel"]
[Black "Mosadeghpour, Masoud"]
[Result "0-1"]
[WhiteElo "1922"]
[BlackElo "2480"]
[PlyCount "74"]
[EventDate "2023.10.19"]
[EventType "swiss"]
[EventRounds "10"]
[EventCountry "IRI"]
[SourceTitle "EXT 2025"]
[Source "ChessBase"]
[SourceDate "2024.10.14"]
[SourceVersion "1"]
[SourceVersionDate "2024.10.14"]
[SourceQuality "1"]

1. d4 c5 2. dxc5 e6 3. Nc3 Nf6 4. e4 Qa5 5. Bd3 Bxc5 6. Nf3 Nc6 7. 0-0 Qc7 8. Qe2 Ng4 9. Nb5 Qb8 10. g3 a6 11. Nc3 b5 12. Bf4 d6 13. Rae1 e5 14. Bc1 Nf6 15. Be3 Bh3 16. Nh4 Bxf1 17. Rxf1 Nd4 18. Qd1 Ne6 19. Nd5 Qd8 20. Kg2 g6 21. Bd2 0-0 22. Bh6 Nxd5 23. exd5 Ng7 24. Qg4 f5 25. Qd1 e4 26. Be2 g5 27. b4 Bb6 28. Qa1 Ra7 29. Nxf5 Rxf5 30. Bg4 Qf6 31. Bxf5 Qxf5 32. Qc1 e3 33. fxe3 Qe4+ 34. Kh3 g4+ 35. Kh4 Bd8+ 36. Bg5 Bxg5+ 37. Kxg5 Qg6+ 0-1

[Event "Rasht Jangal Cup 1st"]
[Site "Rasht"]
[Date "2021.12.10"]
[Round "9"]
[White "Masoumi, Sahel"]
[Black "Mahdavi, Reza"]
[Result "0-1"]
[WhiteElo "1444"]
[BlackElo "2297"]
[PlyCount "68"]
[EventDate "2021.12.05"]
[EventType "swiss"]
[EventRounds "9"]
[EventCountry "IRI"]
[SourceTitle "EXT 2023"]
[Source "ChessBase"]
[SourceDate "2022.10.05"]
[SourceVersion "1"]
[SourceVersionDate "2022.10.05"]
[SourceQuality "1"]

1. d4 d6 2. c4 e5 3. Nc3 Nd7 4. Nf3 Ngf6 5. e4 Be7 6. Be2 0-0 7. 0-0 c6 8. h3 Re8 9. Re1 Qc7 10. Be3 Bf8 11. Qc2 exd4 12. Nxd4 Nc5 13. Bf3 a5 14. Rad1 h6 15. b3 Bd7 16. Bf4 Rad8 17. a3 Bc8 18. b4 axb4 19. axb4 Ncd7 20. b5 Ne5 21. Bxe5 dxe5 22. Nf5 Be6 23. bxc6 bxc6 24. Ne2 Bxf5 25. exf5 e4 26. Rxd8 Qxd8 27. Bg4 h5 28. Bxh5 Nxh5 29. Nc3 e3 30. fxe3 Bc5 31. Ne4 Qh4 32. Nf2 Rxe3 33. Rb1 Ng3 34. Rb8+ Kh7 0-1